Hernán Alessandri Rodríguez: Médico, maestro, académico y universitario. Su vida y su obra

I tiakina i:
Ngā taipitopito rārangi puna kōrero
Kaituhi matua: Neghme Rodríguez, Amador (autor)
Hōputu: Pukapuka
Reo:Pāniora
I whakaputaina: Santiago Universitaria 1982
Putanga:1a. ed
Ngā marau:
Ngā Tūtohu: Tāpirihia he Tūtohu
Kāore He Tūtohu, Me noho koe te mea tuatahi ki te tūtohu i tēnei pūkete!

MARC

LEADER 00000nam a2200000 a 4500
001 UCH3037
003 CL-VaPUC
005 20220727103031.0
008 090709e19820300CL |||||||||||||||||spa|d
999 |c 334694  |d 334692 
040 |c Pontificia Universidad Católica de Valparaíso 
082 0 4 |a 920  |b NEG  |2 21 
100 |a Neghme Rodríguez, Amador  |e autor  |9 617245 
245 1 0 |a Hernán Alessandri Rodríguez: Médico, maestro, académico y universitario. Su vida y su obra 
250 |a 1a. ed 
260 |a Santiago  |b Universitaria  |c 1982 
300 |a 157 p 
583 |a last modification  |c 20090709 00:00:00  |k Rodrigo Vera 
600 |a Alessandri Rodríguez, Hernán,   |d 1900-1980  |9 874046 
650 0 |a Biografías  |9 255210 
942 |c BK  |2 ddc 
945 |d 20090709 00:00:00  |a dcastane 
952 |0 0  |1 0  |4 0  |6 920_000000000000000_NEG_1982  |7 0  |8 X  |9 423827  |a FDOBUD  |b FDOBUD  |d 2019-11-22  |i 4556755  |o 920 NEG 1982  |p 4556755  |r 2019-11-22  |w 2019-11-22  |y BK_X  |k BUD